|
|
|
|
| LEADER |
01045nam a2200301 a 4500 |
| 001 |
372 |
| 003 |
BD-DhAAL |
| 005 |
20151017103652.0 |
| 008 |
151017s1989 caua 001 0 eng |
| 010 |
|
|
|a 89060281
|
| 020 |
|
|
|a 0028001583
|
| 020 |
|
|
|a 0895885409 :
|c $22.95
|
| 040 |
|
|
|a DLC
|c DLC
|d DLC
|d BD-DhAAL
|
| 050 |
0 |
0 |
|a QA76.9.D3
|b T6845 1989
|
| 082 |
0 |
0 |
|a 005.75/65
|2 20
|
| 100 |
1 |
|
|a Townsend, Carl,
|d 1938-
|9 15474
|
| 245 |
1 |
0 |
|a Mastering dBase IV programming /
|c Carl Townsend.
|
| 260 |
|
|
|a San Francisco :
|a Glencoe :
|b Sybex,
|b Illinois,
|c 1992.
|
| 300 |
|
|
|a xv, 613 p. :
|b ill. ;
|c 24 cm.
|
| 500 |
|
|
|a Includes index.
|
| 541 |
|
|
|e 372
|
| 630 |
0 |
0 |
|a dBase IV (Computer file)
|9 15475
|
| 650 |
|
0 |
|a Database management.
|9 1388
|
| 740 |
0 |
|
|a Mastering dBase 4 programming.
|
| 740 |
0 |
|
|a Mastering dBase Four programming.
|
| 942 |
|
|
|2 ddc
|c BK
|
| 999 |
|
|
|c 35807
|d 35807
|
| 952 |
|
|
|0 0
|1 0
|2 ddc
|4 0
|6 005_750000000000000_65_TOW
|7 0
|9 56326
|a SCL
|b SCL
|c GEN
|d 2015-10-17
|e Gift: The Asia Foundation
|l 0
|o 005.7565 TOW
|p 3020000372
|r 2015-10-17
|t 1
|w 2015-10-17
|y BK
|